Gaming Quiz

Random Gaming or Card Games Quiz
Score 0/15 Timer 01:00
9 Plays Today
% Correct
1
97.2%
2
95.3%
4
95.2%
3
95.2%
5
94.9%
6
94.8%
7
94.7%
8
94.6%
% Correct
9
94.2%
0
83.2%
Reverse
81.4%
Skip
80%
Wild Draw Four
78.2%
Wild
77.9%
Draw Two
77.7%
Remove Ads.
Support Sporcle.
Get the best of Sporcle when you Go Orange. This ad-free experience offers more features, more stats, and more fun while also helping to support Sporcle. Thank you for becoming a member.

You're not logged in!

Compare scores with friends on all Sporcle quizzes.
OR
Log In

Show Comments

Extras

Top Quizzes Today


Score Distribution

Your Account Isn't Verified!

In order to create a playlist on Sporcle, you need to verify the email address you used during registration. Go to your Sporcle Settings to finish the process.

Report this User

Report this user for behavior that violates our Community Guidelines.

Details: